Every Dispatch Hero - Statistics

General Stats
  • This quiz has been taken 92 times
  • The average score is 13 of 16
Answer Stats
Hint Answer % Correct
Episode 8 Special Blonde Blazer
100%
Core Z-Team/Cuttable Invisigal
99%
Cut-Potential Member (Z-Team) Sonar
99%
Choice Member Waterboy
97%
Cut-Potential Member (Z-Team) Coupe
96%
Core Z-Team Flambae
96%
Core Z-Team Golem
96%
Core Z-Team Punch-Up
96%
Choice Member/DTLA Phenomoman
94%
Core Z-Team Malevola
93%
Core Z-Team Prism
93%
Episode 1/DTLA Brainbook
60%
Episode 1/DTLA Sweettalker
59%
Episode 1/DTLA Pom Pom
53%
Episode 1/DTLA Equilibrium
50%
Episode 1/DTLA Brickhouse
36%
No matching quizzes found
Score Distribution
Percent of People with Each Score
Percentile by Number Answered
Your Score History
You have not taken this quiz